|
|
|
|
| LEADER |
00000nbm0a2200000 4500 |
| 001 |
71499 |
| 005 |
20231031082705.0 |
| 035 |
|
|
|a (RuTPU)RU\TPU\book\76131
|
| 090 |
|
|
|a 71499
|
| 100 |
|
|
|a 20041217d1981 k y0rusy50 ca
|
| 101 |
0 |
|
|a rus
|
| 102 |
|
|
|a RU
|
| 105 |
|
|
|a a m 001zy
|
| 200 |
1 |
|
|a Разработка и исследование алгоритмов для управления электроприводами подач металлорежущих станков с ЧПУ на базе микро-ЭВМ
|e диссертация на соискание ученой степени кандидата технических наук
|e Спец. 05.09.03.
|f М. В. Коваленко
|g Томский политехнический институт; науч. рук.:А. Е. Алехин
|
| 210 |
|
|
|a Томск
|c [Б. и.]
|d 1981
|
| 215 |
|
|
|a 117 л.
|c ил.
|
| 320 |
|
|
|a Библиогр.: с. 113-117 (51 назв.)
|
| 610 |
1 |
|
|a ЧПУ
|
| 610 |
1 |
|
|a микро-ЭВМ
|
| 610 |
1 |
|
|a электрооборудование
|
| 610 |
1 |
|
|a разработка
|
| 610 |
1 |
|
|a исследование
|
| 610 |
1 |
|
|a алгоритмы
|
| 610 |
1 |
|
|a электроприводы
|
| 610 |
1 |
|
|a подача
|
| 610 |
1 |
|
|a металлорежущие станки
|
| 610 |
1 |
|
|a диссертации
|
| 675 |
|
|
|a 621.9.06-529-8(048)
|v 3
|
| 686 |
|
|
|a 05.09.03.
|2 oksvnk
|
| 700 |
|
1 |
|a Коваленко
|b М. В.
|g Михаил Васильевич
|
| 702 |
|
1 |
|a Алехин
|b А. Е.
|4 727
|
| 712 |
0 |
2 |
|a Томский политехнический институт
|2 stltpush
|3 (RuTPU)RU\TPU\col\1123
|
| 801 |
|
1 |
|a RU
|b 63413507
|c 20041217
|g PSBO
|
| 801 |
|
2 |
|a RU
|b 63413507
|c 20090427
|g PSBO
|
| 942 |
|
|
|c BK
|